[Event "World Rapid Women 2021"]
[Site "Warsaw POL"]
[Date "2021.12.27"]
[Round "6.2"]
[White "Dzagnidze, Nana"]
[Black "Gunina, Valentina"]
[Result "0-1"]
[WhiteTitle "GM"]
[BlackTitle "GM"]
[WhiteElo "2531"]
[BlackElo "2471"]
[WhiteFideId "13601903"]
[BlackFideId "4167570"]
[EventDate "2021.12.26"]

1. d4 d5 2. Bf4 c5 3. e3 Nc6 4. c3 cxd4 5. exd4 Bf5 6. Nf3 e6 7. Qb3 Bd6 8. Ne5
Qc7 9. Na3 a6 10. Qa4 f6 11. Nb5 axb5 12. Qxa8+ Nd8 13. Bxb5+ Ke7 14. O-O fxe5
15. dxe5 Bxe5 16. Bxe5 Qxe5 17. Rfe1 Qd6 18. c4 Nf6 19. cxd5 Nxd5 20. Rad1 Qc5
21. a4 Rf8 22. Rc1 Qb6 23. Qb8 Nc6 24. Qg3 Kf7 25. Qd6 Rd8 26. Qg3 Nd4 27. Bc4
Qxb2 28. Qe5 Rc8 29. h3 Nf6 30. Bxe6+ Bxe6 31. Rb1 Qc3 32. Rxb7+ Kg6 33. Re3
Qc1+ 34. Kh2 Nf5 35. Qxe6 Nxe3 36. Qf7+ Kf5 37. Rb5+ Rc5 38. fxe3 Rxb5 39. axb5
Qxe3 40. Qxg7 Qe5+ 41. Kh1 Qxb5 42. g4+ Ke6 43. g5 Qf1+ 44. Kh2 Qf2+ 45. Kh1 Ne4
46. Qg8+ Ke5 47. Qg7+ Kf4 48. Qf7+ Kg3 49. Qc7+ Qf4 50. Qxf4+ Kxf4 51. Kg2 Nxg5
52. h4 Nf3 53. Kh3 h5 0-1

[Event "World Rapid Women 2021"]
[Site "Warsaw POL"]
[Date "2021.12.27"]
[Round "6.3"]
[White "Lagno, Kateryna"]
[Black "Pavlidou, Ekaterini"]
[Result "1/2-1/2"]
[WhiteTitle "GM"]
[BlackTitle "WIM"]
[WhiteElo "2550"]
[BlackElo "2203"]
[WhiteFideId "14109336"]
[BlackFideId "4213262"]
[EventDate "2021.12.26"]

1. e4 c5 2. Nf3 Nc6 3. d4 cxd4 4. Nxd4 e5 5. Nb5 d6 6. c4 Be6 7. N1c3 a6 8. Na3
g6 9. Be3 Bg7 10. Nc2 Nf6 11. Be2 O-O 12. O-O Rc8 13. b3 b5 14. cxb5 axb5 15.
Nxb5 Nxe4 16. f3 Nf6 17. Nxd6 Rb8 18. Ne4 Nd5 19. Bc5 f5 20. Bxf8 Bxf8 21. Nf2
Bc5 22. Bc4 Nd4 23. Nxd4 Bxd4 24. Qd2 Rb6 25. Qa5 Bc3 26. Qa7 Nf4 27. Rad1 Bd4
28. Rxd4 exd4 29. g3 Bxc4 30. bxc4 Ne2+ 31. Kh1 d3 32. Nxd3 Qxd3 33. Qxb6 Nxg3+
34. hxg3 Qxf1+ 35. Kh2 Qxf3 36. Qd8+ Kg7 37. Qe7+ Kg8 38. Qe6+ Kg7 39. Qd7+ Kh6
40. Qd2+ Kg7 41. c5 Qc6 42. Qd4+ Kf7 43. Qc4+ Ke7 44. Qh4+ Kf8 45. Qd8+ Kf7 46.
Qd4 Qa6 47. Qd5+ Kg7 48. Qd7+ Kg8 49. Qe8+ Kg7 50. Qe7+ Kg8 51. Qe8+ Kg7 52. a4
Qc4 53. Qe7+ Kg8 54. Qd8+ Kg7 55. Qe7+ Kg8 56. Qd8+ Kg7 57. Qc7+ Kg8 58. Qb8+
Kg7 59. Qb5 Qc2+ 60. Kh3 g5 61. Qd7+ Kg6 62. Qe6+ Kg7 63. Qe7+ Kg6 64. Qe6+ Kg7 1/2-1/2

[Event "World Rapid Women 2021"]
[Site "Warsaw POL"]
[Date "2021.12.27"]
[Round "6.4"]
[White "Badelka, Olga"]
[Black "Serikbay, Assel"]
[Result "0-1"]
[WhiteTitle "IM"]
[BlackTitle "WIM"]
[WhiteElo "2453"]
[BlackElo "2263"]
[WhiteFideId "13509926"]
[BlackFideId "13706799"]
[EventDate "2021.12.26"]

1. d4 d5 2. c4 c6 3. cxd5 cxd5 4. Bf4 Nc6 5. e3 Nf6 6. Nc3 a6 7. Bd3 e6 8. Rc1
Bd6 9. Bxd6 Qxd6 10. f4 O-O 11. Nf3 b5 12. O-O Bb7 13. Qe2 Na5 14. Rc2 Ne4 15.
Bxe4 dxe4 16. Nd2 f5 17. Rfc1 Rac8 18. a4 b4 19. Ncb1 Rxc2 20. Rxc2 Bd5 21. Rc5
Nb7 22. Rc1 Na5 23. Qd1 b3 24. Qe2 Ra8 25. Rc5 Nb7 26. Rc3 Na5 27. Na3 Qb4 28.
Qe1 Qxa4 29. Rc7 Qe8 30. Qc1 Nc6 31. Nxb3 Rb8 32. Nd2 Nb4 33. Qc5 Nd3 34. Qa7
Qf8 35. Rxg7+ Qxg7 36. Qxb8+ Qf8 37. Qxf8+ Kxf8 38. Nac4 Ke7 39. Kf1 Kd8 40. Ke2
Kc7 41. Kd1 a5 42. g3 a4 43. Kc2 Kb7 44. Kc3 Ka6 45. Ne5 Nc1 46. Ndc4 Na2+ 47.
Kd2 Kb5 48. Na3+ Kb4 49. Kc2 Ka5 50. Nd7 Nb4+ 51. Kd2 Nd3 52. Kc3 Nf2 53. Kd2
Nd3 54. Kc3 Nf2 55. Kd2 Nd3 56. Kc3 Nf2 57. Kc2 Ng4 58. Kd2 Nxh2 59. Nf6 Kb4 60.
Nc2+ Kb3 61. Kc1 Nf1 62. Nxh7 Nxg3 63. Na1+ Ka2 64. Nc2 Ne2+ 65. Kd2 Kxb2 66.
Nb4 Nc3 67. Nf6 a3 68. Nd7 a2 69. Nc2 Nb1+ 70. Kd1 Bb3 0-1

[Event "World Rapid Women 2021"]
[Site "Warsaw POL"]
[Date "2021.12.27"]
[Round "6.5"]
[White "Assaubayeva, Bibisara"]
[Black "Batsiashvili, Nino"]
[Result "1-0"]
[WhiteTitle "IM"]
[BlackTitle "GM"]
[WhiteElo "2434"]
[BlackElo "2491"]
[WhiteFideId "13708694"]
[BlackFideId "13602993"]
[EventDate "2021.12.26"]

1. d4 d5 2. c4 e6 3. Nc3 Bb4 4. a3 Bxc3+ 5. bxc3 Nf6 6. e3 c5 7. cxd5 exd5 8.
Bd3 O-O 9. Ne2 b6 10. O-O Ba6 11. f3 Bxd3 12. Qxd3 Re8 13. Ng3 Nc6 14. Bb2 h5
15. Rae1 h4 16. Nh1 h3 17. g4 Rc8 18. Nf2 Qd7 19. Kh1 c4 20. Qc2 b5 21. Nxh3 a5
22. Nf4 b4 23. g5 Nh7 24. g6 fxg6 25. Qxg6 Ne7 26. Qg2 Nf5 27. e4 dxe4 28. fxe4
Nd6 29. e5 Nb5 30. axb4 axb4 31. d5 bxc3 32. Bc1 Qb7 33. Rg1 Rcd8 34. e6 Nf6 35.
Re5 Nd6 36. Rg5 Re7 37. Ng6 Nfe8 38. Qh3 1-0

[Event "World Rapid Women 2021"]
[Site "Warsaw POL"]
[Date "2021.12.27"]
[Round "6.6"]
[White "Pourkashiyan, Atousa"]
[Black "Muzychuk, Mariya"]
[Result "0-1"]
[WhiteTitle "WGM"]
[BlackTitle "GM"]
[WhiteElo "2322"]
[BlackElo "2539"]
[WhiteFideId "12502014"]
[BlackFideId "14114550"]
[EventDate "2021.12.26"]

1. e4 c5 2. Nf3 e6 3. d4 cxd4 4. Nxd4 Nf6 5. Nc3 Nc6 6. Ndb5 d6 7. Bf4 e5 8. Bg5
a6 9. Na3 b5 10. Nd5 Be7 11. Bxf6 Bxf6 12. c4 b4 13. Nc2 O-O 14. Be2 a5 15. O-O
Bg5 16. Qd3 Be6 17. Rad1 Qb8 18. Bf3 a4 19. b3 Ra5 20. Nde3 Bxe3 21. Qxe3 Rd8
22. g3 h6 23. Bg2 axb3 24. axb3 Ra2 25. Qd3 Qb6 26. Ra1 Rda8 27. Rab1 Nd8 28.
Kh1 Nb7 29. Qd2 Nc5 30. Qxb4 Qxb4 31. Nxb4 R2a3 32. Nd5 Bxd5 33. cxd5 Rxb3 34.
h4 Rxb1 35. Rxb1 Kf8 36. Rb6 Ke7 37. Rc6 Ra7 38. Kh2 Nd3 39. Rc2 Nc5 40. Bf3 Ra1
41. Bg2 Re1 42. Ra2 Nxe4 43. Ra7+ Kf6 44. Bxe4 Rxe4 45. Rd7 Rd4 46. Rxd6+ Ke7
47. Ra6 Rxd5 48. Kg2 Rd6 49. Ra8 Ke6 50. Rg8 Kf6 51. Kf3 Rd3+ 52. Ke4 Rd4+ 53.
Ke3 Ra4 54. Rf8 Kg6 55. Re8 f6 56. Re7 h5 57. Kf3 Rg4 58. Ke3 Kf5 59. Ra7 g6 60.
Ra3 Rb4 61. Rc3 Rb1 62. Ra3 Re1+ 63. Kd2 Re4 64. Rf3+ Ke6 65. Ra3 Rd4+ 66. Ke3
f5 67. Ra6+ Rd6 68. Ra8 Rc6 69. Rg8 Kf6 70. Rf8+ Ke7 71. Rg8 Kf7 72. Ra8 Rc3+
73. Ke2 e4 74. Ra6 Rc7 75. Ke3 Re7 76. Kf4 Re6 77. Ra8 Kf6 78. Rf8+ Kg7 79. Ra8
Kh6 80. Rh8+ Kg7 81. Ra8 Rb6 82. Kg5 Rb2 83. Ra7+ Kf8 84. Kxg6 Rxf2 85. Kf6 Ke8
86. Re7+ Kd8 87. Re5 Rf3 88. Kg5 Kd7 89. g4 hxg4 90. h5 g3 91. Rd5+ Ke6 92. Rd1
g2 93. Rg1 Rg3+ 94. Kh4 Rg4+ 95. Kh3 Kf6 96. h6 Ke5 0-1

[Event "World Rapid Women 2021"]
[Site "Warsaw POL"]
[Date "2021.12.27"]
[Round "6.7"]
[White "Koneru, Humpy"]
[Black "Michna, Marta"]
[Result "1-0"]
[WhiteTitle "GM"]
[BlackTitle "WGM"]
[WhiteElo "2586"]
[BlackElo "2314"]
[WhiteFideId "5008123"]
[BlackFideId "1106686"]
[EventDate "2021.12.26"]

1. d4 Nf6 2. c4 d6 3. Nf3 Nbd7 4. g3 e5 5. Bg2 Be7 6. Nc3 O-O 7. O-O c6 8. Qc2
Qc7 9. b3 Re8 10. Bb2 Bf8 11. e4 a6 12. Rfd1 b5 13. dxe5 dxe5 14. cxb5 cxb5 15.
Rac1 Bb7 16. Nd5 Qxc2 17. Rxc2 Bxd5 18. exd5 e4 19. Nd2 e3 20. fxe3 Rxe3 21. Nf1
Ree8 22. d6 Rad8 23. Bh3 Ne4 24. Rc7 Ng5 25. Bxd7 Rxd7 26. Rxd7 Re2 27. Nd2 Nh3+
28. Kf1 Rxh2 29. Rd8 Re2 1-0

[Event "World Rapid Women 2021"]
[Site "Warsaw POL"]
[Date "2021.12.27"]
[Round "6.8"]
[White "Stefanova, Antoaneta"]
[Black "Bivol, Alina"]
[Result "1/2-1/2"]
[WhiteTitle "GM"]
[BlackTitle "IM"]
[WhiteElo "2469"]
[BlackElo "2368"]
[WhiteFideId "2902257"]
[BlackFideId "4100123"]
[EventDate "2021.12.26"]

1. Nf3 Nf6 2. g3 d5 3. Bg2 c6 4. O-O Bg4 5. c4 Nbd7 6. cxd5 cxd5 7. Nc3 e6 8. d3
Be7 9. h3 Bxf3 10. Bxf3 O-O 11. Bg2 Qb6 12. d4 Rac8 13. Qd3 Rfd8 14. Rb1 Nb8 15.
Be3 Nc6 16. f3 Ne8 17. Bf2 Bf6 18. Rfd1 h6 19. f4 Nd6 20. g4 Be7 21. f5 Nb4 22.
Qg3 Qa6 23. a3 Nc6 24. fxe6 fxe6 25. Qe3 Kf7 26. Rf1 Bf6 27. Bh4 Ne8 28. Bxf6
Nxf6 29. h4 Ke7 30. g5 hxg5 31. hxg5 Ne4 32. Nxe4 dxe4 33. Qxe4 Nxd4 34. Rf2 Rc2
35. Re1 Rxb2 36. Qe5 Qc4 37. Qxg7+ Kd6 38. Rd1 Rd2 39. Rxd2 Qc1+ 40. Bf1 Qxd2
41. Qf6 Rg8 42. g6 Qe3 43. Qf7 Qg5+ 44. Rg2 Qe3+ 45. Qf2 Nf5 46. Qxe3 Nxe3 47.
Rg5 Rg7 48. Kf2 Nf5 49. e4 Ne7 50. e5+ Kd5 51. Bg2+ Kd4 52. Rg4+ Kxe5 53. Bxb7
Rxg6 54. Ra4 Nf5 55. Rxa7 Rg7 56. Ra5+ Kf4 57. Ra4+ Ke5 58. Bf3 Nd4 59. Bd1 Rh7
60. Rc4 Rh2+ 61. Kg3 Rd2 62. Bg4 Rd3+ 63. Kf2 Rxa3 64. Rb4 Kd5 65. Bxe6+ Nxe6
66. Rb8 Nc5 67. Rd8+ Ke5 68. Re8+ Ne6 69. Re7 Kf6 70. Re8 Nd4 71. Re4 Rd3 72.
Re8 Nf5 73. Ke2 Ra3 74. Kf2 Kg5 75. Re4 Ra2+ 76. Kf3 Ra3+ 77. Kf2 Rb3 78. Ra4
Rc3 79. Rb4 Nd6 80. Rd4 Nc4 81. Ke2 Kf5 82. Rh4 Ne5 83. Rh5+ Kf4 84. Rh4+ Ng4
85. Rh8 Ke4 86. Re8+ Ne5 87. Kd2 Rh3 88. Kc2 Rh7 89. Kc3 Rc7+ 90. Kd2 Rd7+ 91.
Kc3 Rd6 92. Rc8 Kd5 93. Rh8 Rc6+ 94. Kd2 Ke4 95. Rh4+ Kf3 96. Rh3+ Kg4 97. Rh8 1/2-1/2

[Event "World Rapid Women 2021"]
[Site "Warsaw POL"]
[Date "2021.12.27"]
[Round "6.9"]
[White "Bodnaruk, Anastasia"]
[Black "Shuvalova, Polina"]
[Result "0-1"]
[WhiteTitle "IM"]
[BlackTitle "IM"]
[WhiteElo "2396"]
[BlackElo "2516"]
[WhiteFideId "4181751"]
[BlackFideId "24171760"]
[EventDate "2021.12.26"]

1. e4 e5 2. Nc3 Nf6 3. d4 exd4 4. Qxd4 Nc6 5. Qd3 Bc5 6. Bf4 d6 7. O-O-O Bxf2 8.
Nf3 Bb6 9. Bg5 h6 10. Bh4 g5 11. Bg3 Be6 12. e5 dxe5 13. Qb5 Nd7 14. h4 Qe7 15.
hxg5 O-O-O 16. gxh6 Rxh6 17. Rxh6 Be3+ 18. Kb1 Bxh6 19. Qe2 f6 20. Nd5 Qf7 21.
Nc3 Nb6 22. Rxd8+ Nxd8 23. b3 Nc6 24. Bh4 Nd5 25. Nxd5 Bxd5 26. g4 Bf4 27. Qd1
a6 28. Bg2 Be6 29. Ne1 Nd4 30. Kb2 Qg6 31. Nd3 Bg5 32. Bf2 Qf7 33. Qh1 c6 34.
Nc5 Bd5 35. Be4 Bxe4 36. Qxe4 Qd5 37. Qxd5 cxd5 38. Bxd4 exd4 39. Ne6 Be3 40.
Ng7 Kd7 41. b4 b5 42. Kb3 Bf4 43. a4 Kd6 44. Nf5+ Ke5 45. Ne7 Ke4 46. a5 Bd6 47.
Nc8 Be5 48. Nb6 Kf4 49. Nxd5+ Kxg4 50. Nb6 f5 51. Nd7 Bd6 52. c4 dxc3 53. Kxc3
f4 54. Nf6+ Kf5 55. Nd5 Ke4 56. Nf6+ Kf5 57. Nd5 Ke5 58. Nb6 Ke4 59. Nd7 f3 60.
Nf6+ Kf5 61. Nd5 f2 62. Kd4 Bf4 0-1

[Event "World Rapid Women 2021"]
[Site "Warsaw POL"]
[Date "2021.12.27"]
[Round "6.10"]
[White "Efroimski, Marsel"]
[Black "Mammadova, Gulnar"]
[Result "1/2-1/2"]
[WhiteTitle "IM"]
[BlackTitle "IM"]
[WhiteElo "2429"]
[BlackElo "2387"]
[WhiteFideId "2810964"]
[BlackFideId "13403508"]
[EventDate "2021.12.26"]

1. e4 e6 2. d4 d5 3. Nd2 a6 4. Ngf3 c5 5. exd5 exd5 6. dxc5 Bxc5 7. Nb3 Bb6 8.
Bd3 Qe7+ 9. Qe2 Bg4 10. Qxe7+ Nxe7 11. Nfd4 Nbc6 12. Nxc6 Nxc6 13. O-O O-O 14.
Bf4 Rfe8 15. c3 Be2 16. Bxe2 Rxe2 17. Rab1 Rae8 18. Bg3 f5 19. Nc1 Rd2 20. Nb3
Rc2 21. Bd6 Ree2 22. Bc5 Bxc5 23. Nxc5 Rxb2 24. Nxb7 Rxf2 25. Rxb2 Rxb2 26. Nc5
Rxa2 27. Rxf5 Ne7 28. Rf1 h5 29. Ne6 Re2 30. Rf8+ Kh7 31. Nf4 Rc2 32. Rf7 Rc1+
33. Kf2 Rc2+ 34. Kg1 Rc1+ 35. Kf2 Rc2+ 36. Kg1 1/2-1/2

[Event "World Rapid Women 2021"]
[Site "Warsaw POL"]
[Date "2021.12.27"]
[Round "6.11"]
[White "Garifullina, Leya"]
[Black "Paehtz, Elisabeth"]
[Result "1-0"]
[WhiteTitle "WGM"]
[BlackTitle "IM"]
[WhiteElo "2414"]
[BlackElo "2507"]
[WhiteFideId "34127035"]
[BlackFideId "4641833"]
[EventDate "2021.12.26"]

1. e4 c5 2. Nf3 d6 3. d4 cxd4 4. Nxd4 Nf6 5. Nc3 a6 6. h3 Nc6 7. g4 g6 8. Bg2
Nxd4 9. Qxd4 Bg7 10. Be3 Be6 11. Rd1 O-O 12. Qb4 Nd7 13. O-O b5 14. Nd5 Rc8 15.
c3 Ne5 16. Bg5 Bxd5 17. Rxd5 Rc4 18. Qb3 Qc7 19. Qd1 Nc6 20. Re1 Rb8 21. a3 Ne5
22. Bf4 Rc5 23. Bc1 Nc4 24. Re2 Rc8 25. Bg5 e6 26. Rd3 Rxg5 27. b4 d5 28. Qc1
Re5 29. f4 dxe4 30. Bxe4 Rxe4 31. Rxe4 Nb6 32. f5 exf5 33. gxf5 Qc6 34. Re2 Nd5
35. Qg5 Bf6 36. Qg3 Kg7 37. fxg6 hxg6 38. Rf2 Nxc3 39. Rd6 Qc7 40. Qd3 Bh4 41.
Rg2 Qe7 42. Rdxg6+ fxg6 43. Qxg6+ Kh8 44. Qh5+ Qh7 45. Qe5+ 1-0

[Event "World Rapid Women 2021"]
[Site "Warsaw POL"]
[Date "2021.12.27"]
[Round "6.12"]
[White "Danielian, Elina"]
[Black "Vaishali, R"]
[Result "1/2-1/2"]
[WhiteTitle "GM"]
[BlackTitle "IM"]
[WhiteElo "2441"]
[BlackElo "2401"]
[WhiteFideId "13300210"]
[BlackFideId "5091756"]
[EventDate "2021.12.26"]

1. Nf3 d5 2. g3 c5 3. Bg2 Nc6 4. d4 Nf6 5. O-O cxd4 6. Nxd4 e5 7. Nxc6 bxc6 8.
c4 Be6 9. Nc3 Qd7 10. cxd5 cxd5 11. Bg5 Rd8 12. Bxf6 gxf6 13. Rc1 Bg7 14. Qd3
O-O 15. Rfd1 d4 16. Ne4 f5 17. Nc5 Qe7 18. Qa6 Rd6 19. Qa5 Bd5 20. Nd3 Bxg2 21.
Kxg2 f4 22. Rc7 Qe6 23. Rc5 fxg3 24. hxg3 Ra6 25. Qc7 Rxa2 26. Rh1 Re8 27. Rh5
Qg4 28. Qc6 Rf8 29. Qf3 Qxf3+ 30. Kxf3 f5 31. Nxe5 Rxb2 32. Nd3 Ra2 33. Rhxf5
Re8 34. Rc7 Raxe2 35. Rff7 Bf8 36. Rxa7 h6 37. Nf4 R2e5 38. Rfd7 Rg5 39. Rab7
Bg7 40. g4 Rf8 41. Ke4 Rxg4 42. Rxg7+ Rxg7 43. Rxg7+ Kxg7 44. Ne6+ Kf7 45. Nxf8
Kxf8 46. Kxd4 Ke7 47. Ke4 1/2-1/2

[Event "World Rapid Women 2021"]
[Site "Warsaw POL"]
[Date "2021.12.27"]
[Round "6.13"]
[White "Mamedjarova, Turkan"]
[Black "Goryachkina, Aleksandra"]
[Result "1-0"]
[WhiteTitle "WGM"]
[BlackTitle "GM"]
[WhiteElo "2264"]
[BlackElo "2610"]
[WhiteFideId "13402005"]
[BlackFideId "4147103"]
[EventDate "2021.12.26"]

1. d4 d5 2. c4 c6 3. Nc3 Nf6 4. Nf3 e6 5. cxd5 exd5 6. Bf4 Bf5 7. e3 Bd6 8. Ne5
Qe7 9. Bd3 Bxd3 10. Nxd3 Bxf4 11. Nxf4 O-O 12. O-O Nbd7 13. Rc1 Rfe8 14. Qb3 Nb6
15. Rfe1 Nc4 16. Qc2 Rad8 17. b3 Nd6 18. Na4 Nfe4 19. Nc5 Qh4 20. Nxe4 Nxe4 21.
f3 Nd6 22. Qf2 Qe7 23. Qc2 Qg5 24. Nh3 Qf6 25. Re2 Re7 26. Rce1 Rde8 27. Nf2 Nf5
28. Qd3 h5 29. Kh1 g6 30. g3 a5 31. Kg2 Qg7 32. Qd2 b6 33. a4 c5 34. dxc5 bxc5
35. e4 Nd4 36. Re3 c4 37. bxc4 dxc4 38. Qc3 Rc8 39. e5 Nf5 40. Re4 Rec7 41. Rd1
Qf8 42. e6 Qg7 43. exf7+ Rxf7 44. Qxa5 c3 45. Qa6 Rcf8 46. Re6 Rf6 47. Rde1 Kh8
48. Qc4 Rxe6 49. Rxe6 Rd8 50. g4 hxg4 51. fxg4 Nd4 52. Re3 c2 53. Rh3+ Qh7 54.
Rxh7+ Kxh7 55. Qc7+ Kh6 56. Nd3 Ne6 57. g5+ Kh5 58. Nf4+ Nxf4+ 59. Qxf4 Rd1 60.
h3 1-0

[Event "World Rapid Women 2021"]
[Site "Warsaw POL"]
[Date "2021.12.27"]
[Round "6.14"]
[White "Osmak, Yuliia"]
[Black "Muzychuk, Anna"]
[Result "1/2-1/2"]
[WhiteTitle "IM"]
[BlackTitle "GM"]
[WhiteElo "2419"]
[BlackElo "2531"]
[WhiteFideId "14101602"]
[BlackFideId "14111330"]
[EventDate "2021.12.26"]

1. c4 c5 2. Nf3 Nc6 3. d4 cxd4 4. Nxd4 Nf6 5. Nc3 e6 6. a3 Be7 7. e4 O-O 8. Be2
d5 9. exd5 exd5 10. O-O Nxd4 11. Qxd4 Be6 12. cxd5 Nxd5 13. Nxd5 Qxd5 14. Be3
Qxd4 15. Bxd4 Rfd8 16. Bc3 Rac8 17. Bf3 b5 18. Rfd1 Rxd1+ 19. Rxd1 Kf8 20. Rd3
f6 21. g3 Kf7 22. Kg2 Rc7 23. h4 g6 24. h5 g5 25. g4 Rc4 1/2-1/2

[Event "World Rapid Women 2021"]
[Site "Warsaw POL"]
[Date "2021.12.27"]
[Round "6.15"]
[White "Nomin-Erdene, Davaademberel"]
[Black "Abdumalik, Zhansaya"]
[Result "1/2-1/2"]
[WhiteTitle "IM"]
[BlackTitle "GM"]
[WhiteElo "2391"]
[BlackElo "2491"]
[WhiteFideId "4900782"]
[BlackFideId "13703544"]
[EventDate "2021.12.26"]

1. e4 c6 2. d4 d5 3. e5 c5 4. dxc5 e6 5. a3 Nc6 6. Nf3 a5 7. Be3 Nge7 8. Bd3 Ng6
9. Bb5 Qc7 10. c4 dxc4 11. Nbd2 c3 12. Nc4 cxb2 13. Rb1 Be7 14. Nd6+ Kf8 15.
Bxc6 bxc6 16. O-O Ba6 17. Re1 Rb8 18. Qd2 Bd8 19. Rxb2 Rxb2 20. Qxb2 h6 21. Nd4
Ne7 22. Bd2 Nd5 23. Qb3 g6 24. Qf3 Kg7 25. Bxa5 Qd7 26. Bxd8 Rxd8 27. Rb1 Rf8
28. h3 h5 29. a4 f6 30. exf6+ Rxf6 31. Qe4 Nc3 32. Qe5 Nxb1 33. Ne4 Qe7 34. Nxc6
Qf8 35. Nd4 Bc8 36. Nf3 Bb7 37. Nfg5 Bd5 38. Nxf6 Qxf6 39. Qc7+ Kg8 40. Qb8+ Kg7
41. Qc7+ Kg8 42. Qb8+ Kg7 43. Qc7+ Kg8 44. Qb8+ 1/2-1/2

[Event "World Rapid Women 2021"]
[Site "Warsaw POL"]
[Date "2021.12.27"]
[Round "6.16"]
[White "Ovod, Evgenija"]
[Black "Atalik, Ekaterina"]
[Result "0-1"]
[WhiteTitle "IM"]
[BlackTitle "IM"]
[WhiteElo "2366"]
[BlackElo "2420"]
[WhiteFideId "4131827"]
[BlackFideId "4130189"]
[EventDate "2021.12.26"]

1. e4 e5 2. Nf3 Nc6 3. Bc4 Nf6 4. d3 Be7 5. O-O O-O 6. Nbd2 d6 7. a4 Kh8 8. a5
a6 9. c3 Ng4 10. h3 Nh6 11. d4 exd4 12. cxd4 f5 13. d5 Ne5 14. Nxe5 dxe5 15. Nf3
fxe4 16. Nxe5 Bd6 17. Bxh6 Bxe5 18. Be3 Qh4 19. Bd4 Bd6 20. Qb3 Rf3 21. gxf3
Bxh3 22. f4 Bxf4 23. Ra3 Bg2 24. Qg3 0-1

[Event "World Rapid Women 2021"]
[Site "Warsaw POL"]
[Date "2021.12.27"]
[Round "6.17"]
[White "Gaponenko, Inna"]
[Black "Babiy, Olga"]
[Result "1-0"]
[WhiteTitle "IM"]
[BlackTitle "WGM"]
[WhiteElo "2347"]
[BlackElo "2259"]
[WhiteFideId "14101181"]
[BlackFideId "14117258"]
[EventDate "2021.12.26"]

1. e4 c6 2. d4 d5 3. e5 Bf5 4. Nf3 e6 5. Be2 Nd7 6. O-O a6 7. b3 c5 8. Bb2 Nh6
9. c4 dxc4 10. Bxc4 cxd4 11. Nxd4 Bc5 12. Nd2 Nb6 13. Nxf5 Nxf5 14. Ne4 Be7 15.
g4 Nh4 16. Qxd8+ Rxd8 17. Rfd1 h5 18. h3 hxg4 19. hxg4 Nd5 20. Bxd5 exd5 21. Ng3
Rh6 22. Rd3 Rc6 23. Rc1 Bg5 24. Rxc6 bxc6 25. Nf5 Nxf5 26. gxf5 Kd7 27. Kg2 Rh8
28. Rh3 Rxh3 29. Kxh3 c5 30. Kg4 Bd2 31. e6+ fxe6 32. Bxg7 exf5+ 33. Kxf5 Kc6
34. Bf8 c4 35. bxc4 dxc4 36. Ke4 a5 37. a4 c3 38. Kd3 Be1 39. f3 Kd5 40. Bg7 Bf2
41. Bxc3 Bb6 42. f4 Bc7 43. f5 Bb6 44. f6 Ke6 45. Kc4 Bd8 46. Kb5 Kd6 47. f7 Be7
48. Bxa5 Ke6 49. Bb4 Kd5 1-0

[Event "World Rapid Women 2021"]
[Site "Warsaw POL"]
[Date "2021.12.27"]
[Round "6.18"]
[White "Berend, Elvira"]
[Black "Doluhanova, Evgeniya"]
[Result "0-1"]
[WhiteTitle "WGM"]
[BlackTitle "WGM"]
[WhiteElo "2329"]
[BlackElo "2264"]
[WhiteFideId "4000510"]
[BlackFideId "14112035"]
[EventDate "2021.12.26"]

1. d4 Nf6 2. Nf3 e6 3. c4 b6 4. g3 Bb7 5. Bg2 Be7 6. O-O O-O 7. Re1 d6 8. Nc3
Nbd7 9. e4 e5 10. d5 a5 11. Rb1 Nc5 12. b3 Bc8 13. h3 Ne8 14. Ba3 f5 15. Bxc5
bxc5 16. exf5 Bxf5 17. Ne4 Nf6 18. Nfg5 Nxe4 19. Nxe4 Qd7 20. h4 Rab8 21. Qd2
Ra8 22. Rb2 Rfb8 23. Nc3 Bf6 24. Be4 Rb6 25. Bxf5 Qxf5 26. Ne4 Rb4 27. Qd3 Qg6
28. Kh2 a4 29. Re3 axb3 30. axb3 Ra1 31. Rb1 Ra2 32. Rf3 Be7 33. Qe3 Rb8 34. Kh3
Ra3 35. Rb2 h5 36. Kh2 Ra1 37. Ng5 Bxg5 38. hxg5 Rd1 39. Qe2 Rd4 40. Ra2 Qxg5
41. Ra7 Rc8 42. Qf1 Qg4 43. Re3 Rd2 44. Qe1 Rb2 45. Kg1 h4 46. Qc1 Qd4 47. Qc3
Rb1+ 48. Kg2 Qd1 49. Kh3 hxg3 50. Kxg3 Qh1 51. Kg4 Rf8 52. Rg3 Rf4+ 0-1

[Event "World Rapid Women 2021"]
[Site "Warsaw POL"]
[Date "2021.12.27"]
[Round "6.19"]
[White "Paramzina, Anastasya"]
[Black "Zatonskih, Anna"]
[Result "1-0"]
[WhiteTitle "WGM"]
[BlackTitle "IM"]
[WhiteElo "2260"]
[BlackElo "2403"]
[WhiteFideId "4165012"]
[BlackFideId "14101572"]
[EventDate "2021.12.26"]

1. e4 e6 2. d4 d5 3. e5 c5 4. c3 Qb6 5. Nf3 Bd7 6. Be2 cxd4 7. cxd4 Bb5 8. Bxb5+
Qxb5 9. a4 Qa6 10. Bd2 Nc6 11. Nc3 Rc8 12. Nb5 Qb6 13. O-O a6 14. Nd6+ Bxd6 15.
exd6 Nf6 16. Ra3 Rd8 17. Rb3 Qa7 18. Bf4 Ne4 19. Ne5 Nxd6 20. Nxc6 bxc6 21. Qc1
O-O 22. Qxc6 Nf5 23. Qb6 Qxb6 24. Rxb6 Nxd4 25. Re1 Rc8 26. Bd6 Rfd8 27. Rxa6
Nc2 28. Rd1 d4 29. Kf1 f6 30. Ke2 e5 31. f3 Rd7 32. b4 Rc3 33. b5 Re3+ 34. Kf2
Na3 35. Rc6 Rb3 36. b6 Rb2+ 37. Kg3 Nc2 38. Rd2 Nb4 39. Rc8+ Kf7 40. Rxb2 1-0

[Event "World Rapid Women 2021"]
[Site "Warsaw POL"]
[Date "2021.12.27"]
[Round "6.20"]
[White "Kamalidenova, Meruert"]
[Black "Kovanova, Baira"]
[Result "1-0"]
[WhiteTitle "WIM"]
[BlackTitle "WGM"]
[WhiteElo "2351"]
[BlackElo "2331"]
[WhiteFideId "13712802"]
[BlackFideId "4164083"]
[EventDate "2021.12.26"]

1. e4 e5 2. Nf3 Nc6 3. Bb5 a6 4. Ba4 Nf6 5. O-O Be7 6. Re1 b5 7. Bb3 Bb7 8. d3
d6 9. a3 O-O 10. Nc3 Qd7 11. Ne2 Rfe8 12. Ng3 h6 13. c3 Bf8 14. h3 g6 15. Nh2
Nd8 16. f4 exf4 17. Bxf4 Ne6 18. Be3 Bg7 19. Rf1 h5 20. Nf3 c5 21. Ng5 d5 22.
Nxe6 Qxe6 23. Bxc5 Qc6 24. Bd4 h4 25. exd5 Nxd5 26. Ne4 f5 27. Ng5 Bxd4+ 28.
cxd4 Qf6 29. Nf3 Kg7 30. Rc1 Re7 31. Re1 Rae8 32. Qd2 Ne3 33. d5 Nxd5 34. d4 Ne3
35. d5 f4 36. Rc5 Rd8 37. Rec1 Red7 38. Rc7 Kh8 39. Qf2 Bxd5 40. Bxd5 Nxd5 41.
R7c6 Rd6 42. Rxd6 Rxd6 43. Rc8+ Kg7 44. Qa7+ Kh6 45. Qb8 Ne7 46. Rh8+ Kg7 47.
Rxh4 g5 48. Qh8+ Kf7 49. Rh7+ Ke6 50. Rh6 Ng6 51. Qg8+ Kf5 52. Qc8+ Qe6 53. Qc5+
Qd5 54. Qc2+ Qe4 55. Nh4+ Nxh4 56. Qxe4+ Kxe4 57. Rxd6 f3 58. gxf3+ Nxf3+ 59.
Kg2 a5 60. Re6+ Kd5 61. Ra6 Ne1+ 62. Kg3 a4 63. Rg6 1-0